000 01671nam a2200385 c 4500
003 BLK
005 20240830153219.0
008 180408b bul|||||r ||||||| ||bul||
010 _aKNG00087227000
020 _a978-954-775-871-1
_bиздат.: Faber
040 _aBLK
041 _aENG
_cENG
080 _aАнглийски език
_b811.111
_x(079)(075.4)
_z811.111(079)(075.4)
100 1 _aBojanova, Snejana
_eпърви автор
_9300634
700 1 _aKostova, Ludmilla
_eed. by
_9372615
139 _aVeliko Tarnovo University Admission Tests in English
_bV 36
245 1 0 _aVeliko Tarnovo University Admission Tests in English
_b10 new tests
_cSnejana Bojanova; ed. by Ludmilla Kostova.
246 1 1 _aТестове за кандидат-студентски изпит по английски език във ВТУ
257 _aBGR
260 V. Tarnovo
_bFaber
_c2008
300 _a176 с.
_c20 см
_e2 аудио CD
380 _a80
500 _aПълното име на авт. С. Боянова е Снежана Боянова Стефанова. - Прил. със сигн. CD 2083. - Доп. тир. 2010.
650 4 _aАнглийски език - тестове - учебни помагала
_9250713
653 _aанглийски език
653 _aтестове
653 _aзрелостни изпити
653 _aкандидатстудентски изпити
852 _aЦб 242387
856 4 _qpdf
_u
856 4 _qpdf
_u
942 _cKNG
_n0
_01
944 _aCR
_c14.01.2009
_lТеодора Пейчева-Дянкова
_k30556
944 _aED
_c24.11.2015
_lф /
_kЛюдмила_Стоянова
999 _c82693
_d82693